MDQL
is popping MORE tags! Check the
thread
!
Quizzes
Events
Quiz Creation
Community
Videos
Private Events
Remove Ads
Sign In
Join for FREE
Feedback
Dark Mode
Quiz Categories
Sports
Geography
Music
Movies
Television
Just For Fun
Miscellaneous
History
Literature
Language
Science
Gaming
Entertainment
Religion
Holiday
For Kids
Quiz Lab
Recent
Popular Today
Quiz Kudos Today
Editor Picks
Curator Picks
Quizzes by...
Day
Popularity
Type
Ratings
Length
Year
Community
Subscriptions
Recent Discussions
Orange Saloon
Badges
Playlists
Quests
Create
Leaderboards
Showdown
Live 5
Trivia Bingo
Activity
Puzzle Library
Sporcle Events
Private Events
Virtual Trivia
Globe League
Become a Host
Pub Owners
SporcleCon
Opinionation
Our Games
Videos
Blog
Mobile Apps
Partnerships
Remove Ads and Go Orange
Feedback
Language
Vocabulary
Begins and Ends
Definition
Spanish
French
German
Italian
Chinese
Latin
Translation
Japanese
Language
Vocabulary
Begins and Ends
Definition
Spanish
French
German
Italian
Chinese
Latin
Translation
Japanese
Random Quiz
Search Sporcle
×
Quiz Lab
Quiz Lab
Language
Sporcle
Type in answers that appear in a list
Type in answers that appear in a list
Classic
Best Score? Go Orange.
Words in Sporcle Stats
Can you name the words in Sporcle
By
Spaxy525
10m
129 Questions
14 Plays
14 Plays
14 Plays
Comments
Comments
Give Quiz Kudos
Give Quiz Kudos
-
- Ratings
hide this ad
Replay
Link that replays current quiz
Next Quiz
Link to next quiz in quiz playlist
You Got
0%
They Got
Avg Score
35%
Avg Friend Score
Upgrade to see
Score Distribution
Jump to the score distribution portion of the page
Score
0/129
Timer
10:00
0
Plays Today
Hint
Word
% Correct
4 Letter Word
Pole
71.4%
2 Letter Word
Op
71.4%
2 Letter Word
Or
71.4%
2 Letter Word
So
71.4%
3 Letter Word
Cor
64.3%
3 Letter Word
Pol
64.3%
5 Letter Word
Coles
57.1%
5 Letter Word
Cores
57.1%
5 Letter Word
Ropes
57.1%
5 Letter Word
Spore
57.1%
4 Letter Word
Cole
57.1%
4 Letter Word
Core
57.1%
4 Letter Word
Rope
57.1%
4 Letter Word
Sole
57.1%
3 Letter Word
Col
57.1%
3 Letter Word
Sol
57.1%
2 Letter Word
Lo
57.1%
5 Letter Word
Lores
50%
5 Letter Word
Poles
50%
5 Letter Word
Roles
50%
5 Letter Word
Score
50%
4 Letter Word
Lore
50%
4 Letter Word
Lose
50%
4 Letter Word
Pore
50%
4 Letter Word
Pros
50%
4 Letter Word
Role
50%
4 Letter Word
Slop
50%
3 Letter Word
Cop
50%
3 Letter Word
Ole
50%
3 Letter Word
Ore
50%
3 Letter Word
Per
50%
3 Letter Word
Pro
50%
3 Letter Word
Sel
50%
2 Letter Word
Pe
50%
2 Letter Word
Re
50%
5 Letter Word
Clops
42.9%
5 Letter Word
Copes
42.9%
5 Letter Word
Crops
42.9%
5 Letter Word
Pores
42.9%
5 Letter Word
Scope
42.9%
5 Letter Word
Slope
42.9%
4 Letter Word
Clop
42.9%
4 Letter Word
Cope
42.9%
Hint
Word
% Correct
4 Letter Word
Crop
42.9%
4 Letter Word
Lops
42.9%
4 Letter Word
Ores
42.9%
4 Letter Word
Reps
42.9%
4 Letter Word
Rose
42.9%
4 Letter Word
Scop
42.9%
4 Letter Word
Sore
42.9%
3 Letter Word
Les
42.9%
3 Letter Word
Lop
42.9%
3 Letter Word
Rep
42.9%
3 Letter Word
Roe
42.9%
3 Letter Word
Sop
42.9%
2 Letter Word
Oe
42.9%
6 Letter Word
Closer
35.7%
6 Letter Word
Corpse
35.7%
5 Letter Word
Close
35.7%
5 Letter Word
Corps
35.7%
5 Letter Word
Loser
35.7%
5 Letter Word
Prose
35.7%
4 Letter Word
Cels
35.7%
4 Letter Word
Cops
35.7%
4 Letter Word
Lope
35.7%
4 Letter Word
Pecs
35.7%
4 Letter Word
Roes
35.7%
4 Letter Word
Spec
35.7%
3 Letter Word
Cel
35.7%
3 Letter Word
Cos
35.7%
3 Letter Word
Pec
35.7%
3 Letter Word
Pes
35.7%
2 Letter Word
Os
35.7%
6 Letter Word
Sloper
28.6%
5 Letter Word
Copse
28.6%
5 Letter Word
Loper
28.6%
5 Letter Word
Lopes
28.6%
5 Letter Word
Poler
28.6%
5 Letter Word
Poser
28.6%
5 Letter Word
Prole
28.6%
4 Letter Word
Cols
28.6%
4 Letter Word
Cors
28.6%
4 Letter Word
Oles
28.6%
4 Letter Word
Opes
28.6%
4 Letter Word
Pols
28.6%
4 Letter Word
Pose
28.6%
Hint
Word
% Correct
4 Letter Word
Recs
28.6%
4 Letter Word
Repo
28.6%
4 Letter Word
Rocs
28.6%
4 Letter Word
Sloe
28.6%
3 Letter Word
Ops
28.6%
3 Letter Word
Ope
28.6%
3 Letter Word
Ors
28.6%
3 Letter Word
Rec
28.6%
3 Letter Word
Roc
28.6%
2 Letter Word
El
28.6%
2 Letter Word
Er
28.6%
6 Letter Word
Polers
21.4%
6 Letter Word
Proles
21.4%
5 Letter Word
Coper
21.4%
4 Letter Word
Orcs
21.4%
4 Letter Word
Peso
21.4%
3 Letter Word
Els
21.4%
3 Letter Word
Ers
21.4%
3 Letter Word
Orc
21.4%
3 Letter Word
Sec
21.4%
6 Letter Word
Splore
14.3%
6 Letter Word
Copers
14.3%
5 Letter Word
Corse
14.3%
5 Letter Word
Orles
14.3%
5 Letter Word
Repos
14.3%
5 Letter Word
Socle
14.3%
5 Letter Word
Sorel
14.3%
4 Letter Word
Cero
14.3%
4 Letter Word
Eros
14.3%
4 Letter Word
Orle
14.3%
3 Letter Word
Cep
14.3%
3 Letter Word
Oes
14.3%
3 Letter Word
Ose
14.3%
3 Letter Word
Res
14.3%
3 Letter Word
Ser
14.3%
2 Letter Word
Es
14.3%
6 Letter Word
Ceorls
7.1%
6 Letter Word
Cresol
7.1%
6 Letter Word
Lopers
7.1%
5 Letter Word
Ceorl
7.1%
5 Letter Word
Ceros
7.1%
4 Letter Word
Ceps
7.1%
4 Letter Word
Epos
7.1%
Quiz Playlist
Details
Report
Send in Message
Add To Playlist
Classic:
Type in answers that appear in a list
Last Updated: Feb 16, 2017
Quiz Scoreboard
CHALLENGE
Sign Up to Join the Scoreboard
Show All
Scores
Hide
Comments
May contain spoilers
Recently Published
5x2 Blitz: Bands
by SL_Kpop136
Music
30s
Colored Red Africa Blitz
by spor1
Geography
30s
Find the 'City' Movie
by crazypaving
Movies
60s
More to Explore
Quiz From the Vault
Featured Blog Post
14 Easter Pick-up Lines to Find Eggs With
hide this ad
You Might Also Like...
Tags
Sporcle Quiz
Today's Top Quizzes in Language
Browse Language
hide this ad
Today's Top Quizzes in Sporcle
Browse Sporcle
Top Contributed Quizzes in Language
1
What Word Starts All?
2
Arabic Numerals
3
1-10 Letter F Words III
4
1-10 Letter G Words III
5
1-10 Letter H Words III
6
1-10 Letter I Words III
7
Latihan Huruf Hiragana KA KI KU KE KO
8
Weisst du, aus welchen Sprachen diese Wörter stammen?
9
1-10 Letter J Words III
10
1-10 Letter K Words III
Explore More
Trending Topics
Disney
Kpop
Harry Potter
Anime
NBA
Crossword
Marvel
Soccer
Song
The Office
Puzzle
NFL
Pokémon
Country
WWE
hide this ad
More By:
Spaxy525
Quiz
Plays
Rating
Category
Featured
Created
WW2 Countries Neutral, Axis, Allies
22,811
1.97
History
Dec 5, 2013
English Stadiums
563
3.50
Sports
Nov 9, 2014
TV and Movies
275
1.40
Entertainment
Nov 9, 2013
Alphabet speed test
216
2.60
Just For Fun
Nov 30, 2013
What Friends might say
190
3.60
Television
Dec 23, 2013
Go to Creator's Profile
Score Distribution
Quiz Creator Spotlight
Spaxy525
Follow
Send a Message
Quizzes Created
-
Created Quiz Play Count
-
More By This Creator
Popular Quizzes Today
1
Colored Red Africa Blitz
2
Find the 'City' Movie
3
Find the US States - No Outlines Minefield
4
5x2 Blitz: Bands
5
The Countries of the World
6
Find the US States
7
US States
8
Find the Countries of Europe - No Outlines Minefield
More Language Quizzes
Odd One Out: Latin Expressions
Published
Trending Quizzes
Colored Red Europe Blitz I
Colored Red Africa Blitz II
Colored Red Europe Blitz II
Colored Red Europe Blitz III
Colored Red Africa Blitz III
Recently Updated
How Do You Spell That?
pecheneg
Godzilla Movies
pecheneg
Grab Bag: 4-10 Letters
pecheneg
2024 March Madness Bracket
pecheneg
Famous TV Couples
Peacemaker
Champions League XIs: Real Madrid
pecheneg
Largest US Cities 1790-2010
pecheneg
Rides in Walt Disney World
pecheneg
Most Oscar Losses (Acting)
pecheneg
Beyoncé Albums
pecheneg
Trending Topics
Kpop
Harry Potter
Marvel
NBA
Disney
Anime
Crossword
NFL
WWE
Soccer
The Office
Pokémon
Song
Country
Puzzle
Your Account Isn't Verified!
In order to create a playlist on Sporcle, you need to verify the email address you used during registration. Go to your
Sporcle Settings
to finish the process.
Report this User
Report this user for behavior that violates our
Community Guidelines
.
Details:
Send Report
Go to the Sporcle.com Mobile Site →
Comments